000 00624nam a22001817a 4500
001 1381447
003 AM-YEHGA
005 20260129154210.0
008 180709s1964 ru a||||||||||||||0|rus|d
040 _aAM-YeHGA
041 0 _arus
245 0 0 _aАрмавир :
_b[К 50-летию города] : [Очерк].
260 _aКраснодар :
_bКн. изд-во,
_c1964.
300 _a100 с. :
_bил. ;
_c17 см.
650 1 4 _aИстория СССР
_xКоммунистическое строительство
_zАрмавир, г. (Краснодарский край)
942 _2udc
_cBK
090 _c570674
999 _c531825
_d531825